Kampina sampige. (Record no. 212330)

MARC details
000 -LEADER
fixed length control field 00594nam a2200193Ia 4500
003 - CONTROL NUMBER IDENTIFIER
control field OSt
005 - DATE AND TIME OF LATEST TRANSACTION
control field 20251205160834.0
008 - FIXED-LENGTH DATA ELEMENTS--GENERAL INFORMATION
fixed length control field 210719s1994 xx 000 0 und d
040 ## - CATALOGING SOURCE
Transcribing agency AL
041 ## - LANGUAGE CODE
Language code of text/sound track or separate title Kannada
082 ## - DEWEY DECIMAL CLASSIFICATION NUMBER
Classification number K894.1 KRAK
100 ## - MAIN ENTRY--PERSONAL NAME
Personal name KRASHNASVAMI SHASTRI (C I)
Dates associated with a name ಕೃಷ್ಣಸ್ವಾಮಿ ಶಾಸ್ತ್ರಿ (ಸಿ ಐ)
9 (RLIN) 247987
245 ## - TITLE STATEMENT
Title Kampina sampige.
Remainder of title ಕಂಪಿನ ಸಂಪಿಗೆ.
260 ## - PUBLICATION, DISTRIBUTION, ETC.
Place of publication, distribution, etc. Mangaluru
Name of publisher, distributor, etc. Si Ai Krashnasvami Shastri
Date of publication, distribution, etc. 1994
300 ## - PHYSICAL DESCRIPTION
Extent iv,62
Other physical details PB
365 ## - TRADE PRICE
Price amount 30
Currency code Rs
650 ## - SUBJECT ADDED ENTRY--TOPICAL TERM
Topical term or geographic name entry element Kannada Poetry
9 (RLIN) 247988
942 ## - ADDED ENTRY ELEMENTS (KOHA)
Source of classification or shelving scheme Dewey Decimal Classification
Koha item type Book
Holdings
Withdrawn status Lost status Source of classification or shelving scheme Damaged status Not for loan Collection code Home library Current library Date acquired Cost, normal purchase price Total Checkouts Full call number Barcode Date last seen Price effective from Koha item type
    Dewey Decimal Classification     Kannada St Aloysius Library St Aloysius Library 01/21/2003 30.00   K894.1 KRAK D00356 07/19/2021 07/19/2021 Donated Books
    Dewey Decimal Classification     Kannada St Aloysius Library St Aloysius Library 01/21/2003 30.00   K894.1 KRAK D00357 07/19/2021 07/19/2021 Donated Books